| 000 | 00774nam a22001577a 4500 | ||
|---|---|---|---|
| 003 | OSt | ||
| 005 | 20150912134218.0 | ||
| 008 | 150912b xxu||||| |||| 00| 0 eng d | ||
| 040 | _cRUA | ||
| 082 | _aAGR HIN 1997 B018 Or.1 | ||
| 100 |
_9321 _aHING SREYMOM |
||
| 245 | _aThe damage of diamond back moth on crucifere crops in kandal province and measures of its control ការរាតត្បាតរបស់ដង្កូវយោលទោងលើដំណាំបន្លែអំបូរស្ពៃគ្រុយស៊ីហ្វែរក្នុងលក្ខខ័ណ្ឌខេត្តកណ្ដាលនិងវិធានការណ៍កំចាត់ | ||
| 260 |
_aPhnom Penh _bRUA _c1997 |
||
| 300 |
_a98p. _bill. _c29cm. |
||
| 942 |
_2ddc _cAGR |
||
| 999 |
_c301 _d301 |
||